Modelovanie obrábacích operácií

Salvato in:
Dettagli Bibliografici
Autore principale: Toman, Miroslav (Autore)
Altri autori: Necpal, Martin (Relatore della tesi)
Natura: Manoscritto Libro
Lingua:slovacco
Pubblicazione: 2023
Soggetti:
Accesso online:http://is.stuba.sk/zp/portal_zp.pl?podrobnosti=171097
Tags: Aggiungi Tag
Nessun Tag, puoi essere il primo ad aggiungerne!!

MARC

LEADER 00000ntm a22000003a 4500
001 stuzp93315
003 SK-STU
005 20230909214641.0
007 ta
008 150427s2015----xo-----f-mn---000-0-slo-d
040 |a STU  |b slo 
041 0 |a slo 
100 1 |a Toman, Miroslav  |u 063000  |4 aut  |U MTF Materiálovotechnologická fakulta  |T MTF Ústav výrobných technológií  |X 96967  |U M3000  |Y 83  |7 96967 
242 0 1 |a Modeling of Machining Operations  |y eng 
245 1 0 |a Modelovanie obrábacích operácií 
260 |c 2023 
650 4 |a simulácia  |2 slo 
650 4 |a rezné sily  |2 slo 
650 4 |a obrábanie  |2 slo 
650 4 |a simulation  |2 eng 
650 4 |a cutting forces  |2 eng 
650 4 |a machining  |2 eng 
700 1 |a Necpal, Martin  |u 063200  |k Z1  |4 ths  |U MTF Ústav výrobných technológií  |T MTF Katedra obrábania a počítačovej podpory technológií  |X 20985  |U M3200  |Y 164  |7 A000020985 
856 4 |u http://is.stuba.sk/zp/portal_zp.pl?podrobnosti=171097 
996 |c M* DP-15264  |l MMSKP  |s P  |a 0  |w stuzp93315_0001